| 000 | 00731nam a2200241Ia 4500 | ||
|---|---|---|---|
| 003 | OSt | ||
| 005 | 20230511091759.0 | ||
| 008 | 210423s2014 xx 000 0 und d | ||
| 020 | _a978-0-85702-746-7 | ||
| 040 | _cAL | ||
| 041 | _aeng | ||
| 082 | _a150 BEIV | ||
| 100 |
_aBEINS (Bernard C);HALAKA (Christopher M) _9102123 |
||
| 245 | _aViva facts on file: handbok of psychology V 4; learning and thinking | ||
| 260 |
_aNew Delhi _bViva Books Pvt Ltd _c2014 |
||
| 300 |
_aix,128p _bPB |
||
| 365 |
_b1856 _cINR |
||
| 440 |
_aViva facts on file _v4 _9102124 |
||
| 650 |
_aPhilosophy _9102125 |
||
| 650 |
_aPsychology _9102126 |
||
| 906 | _afacts ; file: ; handbok ; learning ; psychology ; thinking ; Viva | ||
| 942 |
_2ddc _cBK |
||
| 999 |
_c165788 _d165788 |
||